<?xml version="1.0" encoding="UTF-8"?>
<record
    xmlns:xsi="http://www.w3.org/2001/XMLSchema-instance"
    xsi:schemaLocation="http://www.loc.gov/MARC21/slim http://www.loc.gov/standards/marcxml/schema/MARC21slim.xsd"
    xmlns="http://www.loc.gov/MARC21/slim">

  <leader>00337nam a2200157Ia 4500</leader>
  <controlfield tag="003">OSt</controlfield>
  <controlfield tag="005">20240124153844.0</controlfield>
  <controlfield tag="008">170524s9999    xx            000 0 und d</controlfield>
  <datafield tag="020" ind1=" " ind2=" ">
    <subfield code="a">0230637299</subfield>
  </datafield>
  <datafield tag="040" ind1=" " ind2=" ">
    <subfield code="c">IIMT</subfield>
  </datafield>
  <datafield tag="100" ind1=" " ind2=" ">
    <subfield code="a">Ramaswamy- T.</subfield>
  </datafield>
  <datafield tag="245" ind1=" " ind2="0">
    <subfield code="a">Marketing Management</subfield>
  </datafield>
  <datafield tag="260" ind1=" " ind2=" ">
    <subfield code="b">Macmillan</subfield>
  </datafield>
  <datafield tag="260" ind1=" " ind2=" ">
    <subfield code="c">1990</subfield>
  </datafield>
  <datafield tag="942" ind1=" " ind2=" ">
    <subfield code="2">ddc</subfield>
    <subfield code="c">02</subfield>
  </datafield>
  <datafield tag="999" ind1=" " ind2=" ">
    <subfield code="c">6221</subfield>
    <subfield code="d">6221</subfield>
  </datafield>
  <datafield tag="952" ind1=" " ind2=" ">
    <subfield code="0">0</subfield>
    <subfield code="1">0</subfield>
    <subfield code="2">ddc</subfield>
    <subfield code="4">0</subfield>
    <subfield code="7">0</subfield>
    <subfield code="a">01</subfield>
    <subfield code="b">01</subfield>
    <subfield code="d">2017-05-31</subfield>
    <subfield code="p">01-B-62698</subfield>
    <subfield code="r">2017-05-31</subfield>
    <subfield code="u">MARKETING MANAGEMENT</subfield>
    <subfield code="w">2017-05-31</subfield>
    <subfield code="y">02</subfield>
  </datafield>
  <datafield tag="952" ind1=" " ind2=" ">
    <subfield code="0">0</subfield>
    <subfield code="1">0</subfield>
    <subfield code="2">ddc</subfield>
    <subfield code="4">0</subfield>
    <subfield code="7">0</subfield>
    <subfield code="a">01</subfield>
    <subfield code="b">01</subfield>
    <subfield code="d">2017-05-31</subfield>
    <subfield code="p">01-B-64928</subfield>
    <subfield code="r">2017-05-31</subfield>
    <subfield code="u">MARKETING MANAGEMENT</subfield>
    <subfield code="w">2017-05-31</subfield>
    <subfield code="y">02</subfield>
  </datafield>
  <datafield tag="952" ind1=" " ind2=" ">
    <subfield code="0">0</subfield>
    <subfield code="1">0</subfield>
    <subfield code="2">ddc</subfield>
    <subfield code="4">0</subfield>
    <subfield code="7">0</subfield>
    <subfield code="a">01</subfield>
    <subfield code="b">01</subfield>
    <subfield code="d">2017-05-31</subfield>
    <subfield code="p">01-B-64929</subfield>
    <subfield code="r">2017-05-31</subfield>
    <subfield code="u">MARKETING MANAGEMENT</subfield>
    <subfield code="w">2017-05-31</subfield>
    <subfield code="y">02</subfield>
  </datafield>
  <datafield tag="952" ind1=" " ind2=" ">
    <subfield code="0">0</subfield>
    <subfield code="1">0</subfield>
    <subfield code="2">ddc</subfield>
    <subfield code="4">0</subfield>
    <subfield code="7">0</subfield>
    <subfield code="a">01</subfield>
    <subfield code="b">01</subfield>
    <subfield code="d">2017-05-31</subfield>
    <subfield code="p">01-B-64930</subfield>
    <subfield code="r">2017-05-31</subfield>
    <subfield code="u">MARKETING MANAGEMENT</subfield>
    <subfield code="w">2017-05-31</subfield>
    <subfield code="y">02</subfield>
  </datafield>
  <datafield tag="952" ind1=" " ind2=" ">
    <subfield code="0">0</subfield>
    <subfield code="1">0</subfield>
    <subfield code="2">ddc</subfield>
    <subfield code="4">0</subfield>
    <subfield code="7">0</subfield>
    <subfield code="a">01</subfield>
    <subfield code="b">01</subfield>
    <subfield code="d">2017-05-31</subfield>
    <subfield code="p">01-B-64931</subfield>
    <subfield code="r">2017-05-31</subfield>
    <subfield code="u">MARKETING MANAGEMENT</subfield>
    <subfield code="w">2017-05-31</subfield>
    <subfield code="y">02</subfield>
  </datafield>
  <datafield tag="952" ind1=" " ind2=" ">
    <subfield code="0">0</subfield>
    <subfield code="1">0</subfield>
    <subfield code="2">ddc</subfield>
    <subfield code="4">0</subfield>
    <subfield code="7">0</subfield>
    <subfield code="a">01</subfield>
    <subfield code="b">01</subfield>
    <subfield code="d">2017-05-31</subfield>
    <subfield code="p">01-B-64932</subfield>
    <subfield code="r">2017-05-31</subfield>
    <subfield code="u">MARKETING MANAGEMENT</subfield>
    <subfield code="w">2017-05-31</subfield>
    <subfield code="y">02</subfield>
  </datafield>
  <datafield tag="952" ind1=" " ind2=" ">
    <subfield code="0">0</subfield>
    <subfield code="1">0</subfield>
    <subfield code="2">ddc</subfield>
    <subfield code="4">0</subfield>
    <subfield code="7">0</subfield>
    <subfield code="a">01</subfield>
    <subfield code="b">01</subfield>
    <subfield code="d">2017-05-31</subfield>
    <subfield code="p">01-B-64933</subfield>
    <subfield code="r">2017-05-31</subfield>
    <subfield code="u">MARKETING MANAGEMENT</subfield>
    <subfield code="w">2017-05-31</subfield>
    <subfield code="y">02</subfield>
  </datafield>
  <datafield tag="952" ind1=" " ind2=" ">
    <subfield code="0">0</subfield>
    <subfield code="1">0</subfield>
    <subfield code="2">ddc</subfield>
    <subfield code="4">0</subfield>
    <subfield code="7">0</subfield>
    <subfield code="a">01</subfield>
    <subfield code="b">01</subfield>
    <subfield code="d">2017-05-31</subfield>
    <subfield code="p">01-B-64934</subfield>
    <subfield code="r">2017-05-31</subfield>
    <subfield code="u">MARKETING MANAGEMENT</subfield>
    <subfield code="w">2017-05-31</subfield>
    <subfield code="y">02</subfield>
  </datafield>
  <datafield tag="952" ind1=" " ind2=" ">
    <subfield code="0">0</subfield>
    <subfield code="1">0</subfield>
    <subfield code="2">ddc</subfield>
    <subfield code="4">0</subfield>
    <subfield code="7">0</subfield>
    <subfield code="a">01</subfield>
    <subfield code="b">01</subfield>
    <subfield code="d">2017-05-31</subfield>
    <subfield code="p">01-B-64935</subfield>
    <subfield code="r">2017-05-31</subfield>
    <subfield code="u">MARKETING MANAGEMENT</subfield>
    <subfield code="w">2017-05-31</subfield>
    <subfield code="y">02</subfield>
  </datafield>
  <datafield tag="952" ind1=" " ind2=" ">
    <subfield code="0">0</subfield>
    <subfield code="1">0</subfield>
    <subfield code="2">ddc</subfield>
    <subfield code="4">0</subfield>
    <subfield code="7">0</subfield>
    <subfield code="a">01</subfield>
    <subfield code="b">01</subfield>
    <subfield code="d">2017-05-31</subfield>
    <subfield code="p">01-B-64936</subfield>
    <subfield code="r">2017-05-31</subfield>
    <subfield code="u">MARKETING MANAGEMENT</subfield>
    <subfield code="w">2017-05-31</subfield>
    <subfield code="y">02</subfield>
  </datafield>
  <datafield tag="952" ind1=" " ind2=" ">
    <subfield code="0">0</subfield>
    <subfield code="1">0</subfield>
    <subfield code="2">ddc</subfield>
    <subfield code="4">0</subfield>
    <subfield code="7">0</subfield>
    <subfield code="a">01</subfield>
    <subfield code="b">01</subfield>
    <subfield code="d">2017-05-31</subfield>
    <subfield code="p">01-B-64937</subfield>
    <subfield code="r">2017-05-31</subfield>
    <subfield code="u">MARKETING MANAGEMENT</subfield>
    <subfield code="w">2017-05-31</subfield>
    <subfield code="y">02</subfield>
  </datafield>
  <datafield tag="952" ind1=" " ind2=" ">
    <subfield code="0">0</subfield>
    <subfield code="1">0</subfield>
    <subfield code="2">ddc</subfield>
    <subfield code="4">0</subfield>
    <subfield code="7">0</subfield>
    <subfield code="a">01</subfield>
    <subfield code="b">01</subfield>
    <subfield code="d">2017-05-31</subfield>
    <subfield code="p">01-B-64938</subfield>
    <subfield code="r">2017-05-31</subfield>
    <subfield code="u">MARKETING MANAGEMENT</subfield>
    <subfield code="w">2017-05-31</subfield>
    <subfield code="y">02</subfield>
  </datafield>
  <datafield tag="952" ind1=" " ind2=" ">
    <subfield code="0">0</subfield>
    <subfield code="1">0</subfield>
    <subfield code="2">ddc</subfield>
    <subfield code="4">0</subfield>
    <subfield code="7">0</subfield>
    <subfield code="a">01</subfield>
    <subfield code="b">01</subfield>
    <subfield code="d">2017-05-31</subfield>
    <subfield code="p">01-B-64939</subfield>
    <subfield code="r">2017-05-31</subfield>
    <subfield code="u">MARKETING MANAGEMENT</subfield>
    <subfield code="w">2017-05-31</subfield>
    <subfield code="y">02</subfield>
  </datafield>
  <datafield tag="952" ind1=" " ind2=" ">
    <subfield code="0">0</subfield>
    <subfield code="1">0</subfield>
    <subfield code="2">ddc</subfield>
    <subfield code="4">0</subfield>
    <subfield code="7">0</subfield>
    <subfield code="a">01</subfield>
    <subfield code="b">01</subfield>
    <subfield code="d">2017-05-31</subfield>
    <subfield code="p">01-B-64940</subfield>
    <subfield code="r">2017-05-31</subfield>
    <subfield code="u">MARKETING MANAGEMENT</subfield>
    <subfield code="w">2017-05-31</subfield>
    <subfield code="y">02</subfield>
  </datafield>
  <datafield tag="952" ind1=" " ind2=" ">
    <subfield code="0">0</subfield>
    <subfield code="1">0</subfield>
    <subfield code="2">ddc</subfield>
    <subfield code="4">0</subfield>
    <subfield code="7">0</subfield>
    <subfield code="a">01</subfield>
    <subfield code="b">01</subfield>
    <subfield code="d">2017-05-31</subfield>
    <subfield code="p">01-B-64941</subfield>
    <subfield code="r">2017-05-31</subfield>
    <subfield code="u">MARKETING MANAGEMENT</subfield>
    <subfield code="w">2017-05-31</subfield>
    <subfield code="y">02</subfield>
  </datafield>
  <datafield tag="952" ind1=" " ind2=" ">
    <subfield code="0">0</subfield>
    <subfield code="1">0</subfield>
    <subfield code="2">ddc</subfield>
    <subfield code="4">0</subfield>
    <subfield code="7">0</subfield>
    <subfield code="a">01</subfield>
    <subfield code="b">01</subfield>
    <subfield code="d">2017-05-31</subfield>
    <subfield code="p">01-B-64942</subfield>
    <subfield code="r">2017-05-31</subfield>
    <subfield code="u">MARKETING MANAGEMENT</subfield>
    <subfield code="w">2017-05-31</subfield>
    <subfield code="y">02</subfield>
  </datafield>
  <datafield tag="952" ind1=" " ind2=" ">
    <subfield code="0">0</subfield>
    <subfield code="1">0</subfield>
    <subfield code="2">ddc</subfield>
    <subfield code="4">0</subfield>
    <subfield code="7">0</subfield>
    <subfield code="a">01</subfield>
    <subfield code="b">01</subfield>
    <subfield code="d">2017-05-31</subfield>
    <subfield code="p">01-B-64943</subfield>
    <subfield code="r">2017-05-31</subfield>
    <subfield code="u">MARKETING MANAGEMENT</subfield>
    <subfield code="w">2017-05-31</subfield>
    <subfield code="y">02</subfield>
  </datafield>
  <datafield tag="952" ind1=" " ind2=" ">
    <subfield code="0">0</subfield>
    <subfield code="1">0</subfield>
    <subfield code="2">ddc</subfield>
    <subfield code="4">0</subfield>
    <subfield code="7">0</subfield>
    <subfield code="a">01</subfield>
    <subfield code="b">01</subfield>
    <subfield code="d">2017-05-31</subfield>
    <subfield code="p">01-B-64944</subfield>
    <subfield code="r">2017-05-31</subfield>
    <subfield code="u">MARKETING MANAGEMENT</subfield>
    <subfield code="w">2017-05-31</subfield>
    <subfield code="y">02</subfield>
  </datafield>
  <datafield tag="952" ind1=" " ind2=" ">
    <subfield code="0">0</subfield>
    <subfield code="1">0</subfield>
    <subfield code="2">ddc</subfield>
    <subfield code="4">0</subfield>
    <subfield code="7">0</subfield>
    <subfield code="a">01</subfield>
    <subfield code="b">01</subfield>
    <subfield code="d">2017-05-31</subfield>
    <subfield code="p">01-B-64945</subfield>
    <subfield code="r">2017-05-31</subfield>
    <subfield code="u">MARKETING MANAGEMENT</subfield>
    <subfield code="w">2017-05-31</subfield>
    <subfield code="y">02</subfield>
  </datafield>
  <datafield tag="952" ind1=" " ind2=" ">
    <subfield code="0">0</subfield>
    <subfield code="1">0</subfield>
    <subfield code="2">ddc</subfield>
    <subfield code="4">0</subfield>
    <subfield code="7">0</subfield>
    <subfield code="a">01</subfield>
    <subfield code="b">01</subfield>
    <subfield code="d">2017-05-31</subfield>
    <subfield code="p">01-B-64946</subfield>
    <subfield code="r">2017-05-31</subfield>
    <subfield code="u">MARKETING MANAGEMENT</subfield>
    <subfield code="w">2017-05-31</subfield>
    <subfield code="y">02</subfield>
  </datafield>
  <datafield tag="952" ind1=" " ind2=" ">
    <subfield code="0">0</subfield>
    <subfield code="1">0</subfield>
    <subfield code="2">ddc</subfield>
    <subfield code="4">0</subfield>
    <subfield code="7">0</subfield>
    <subfield code="a">01</subfield>
    <subfield code="b">01</subfield>
    <subfield code="d">2017-05-31</subfield>
    <subfield code="p">01-B-64947</subfield>
    <subfield code="r">2017-05-31</subfield>
    <subfield code="u">MARKETING MANAGEMENT</subfield>
    <subfield code="w">2017-05-31</subfield>
    <subfield code="y">02</subfield>
  </datafield>
  <datafield tag="952" ind1=" " ind2=" ">
    <subfield code="0">0</subfield>
    <subfield code="1">0</subfield>
    <subfield code="2">ddc</subfield>
    <subfield code="4">0</subfield>
    <subfield code="7">0</subfield>
    <subfield code="a">01</subfield>
    <subfield code="b">01</subfield>
    <subfield code="d">2017-05-31</subfield>
    <subfield code="p">01-B-64948</subfield>
    <subfield code="r">2017-05-31</subfield>
    <subfield code="u">MARKETING MANAGEMENT</subfield>
    <subfield code="w">2017-05-31</subfield>
    <subfield code="y">02</subfield>
  </datafield>
  <datafield tag="952" ind1=" " ind2=" ">
    <subfield code="0">0</subfield>
    <subfield code="1">0</subfield>
    <subfield code="2">ddc</subfield>
    <subfield code="4">0</subfield>
    <subfield code="7">0</subfield>
    <subfield code="a">01</subfield>
    <subfield code="b">01</subfield>
    <subfield code="d">2017-05-31</subfield>
    <subfield code="p">01-B-64949</subfield>
    <subfield code="r">2017-05-31</subfield>
    <subfield code="u">MARKETING MANAGEMENT</subfield>
    <subfield code="w">2017-05-31</subfield>
    <subfield code="y">02</subfield>
  </datafield>
  <datafield tag="952" ind1=" " ind2=" ">
    <subfield code="0">0</subfield>
    <subfield code="1">0</subfield>
    <subfield code="2">ddc</subfield>
    <subfield code="4">0</subfield>
    <subfield code="7">0</subfield>
    <subfield code="a">01</subfield>
    <subfield code="b">01</subfield>
    <subfield code="d">2017-05-31</subfield>
    <subfield code="p">01-B-64950</subfield>
    <subfield code="r">2017-05-31</subfield>
    <subfield code="u">MARKETING MANAGEMENT</subfield>
    <subfield code="w">2017-05-31</subfield>
    <subfield code="y">02</subfield>
  </datafield>
  <datafield tag="952" ind1=" " ind2=" ">
    <subfield code="0">0</subfield>
    <subfield code="1">0</subfield>
    <subfield code="2">ddc</subfield>
    <subfield code="4">0</subfield>
    <subfield code="7">0</subfield>
    <subfield code="a">01</subfield>
    <subfield code="b">01</subfield>
    <subfield code="d">2017-05-31</subfield>
    <subfield code="p">01-B-64951</subfield>
    <subfield code="r">2017-05-31</subfield>
    <subfield code="u">MARKETING MANAGEMENT</subfield>
    <subfield code="w">2017-05-31</subfield>
    <subfield code="y">02</subfield>
  </datafield>
  <datafield tag="952" ind1=" " ind2=" ">
    <subfield code="0">0</subfield>
    <subfield code="1">0</subfield>
    <subfield code="2">ddc</subfield>
    <subfield code="4">0</subfield>
    <subfield code="7">0</subfield>
    <subfield code="a">01</subfield>
    <subfield code="b">01</subfield>
    <subfield code="d">2017-05-31</subfield>
    <subfield code="p">01-B-64952</subfield>
    <subfield code="r">2017-05-31</subfield>
    <subfield code="u">MARKETING MANAGEMENT</subfield>
    <subfield code="w">2017-05-31</subfield>
    <subfield code="y">02</subfield>
  </datafield>
  <datafield tag="952" ind1=" " ind2=" ">
    <subfield code="0">0</subfield>
    <subfield code="1">0</subfield>
    <subfield code="2">ddc</subfield>
    <subfield code="4">0</subfield>
    <subfield code="7">0</subfield>
    <subfield code="a">01</subfield>
    <subfield code="b">01</subfield>
    <subfield code="d">2017-05-31</subfield>
    <subfield code="p">01-B-64953</subfield>
    <subfield code="r">2017-05-31</subfield>
    <subfield code="u">MARKETING MANAGEMENT</subfield>
    <subfield code="w">2017-05-31</subfield>
    <subfield code="y">02</subfield>
  </datafield>
  <datafield tag="952" ind1=" " ind2=" ">
    <subfield code="0">0</subfield>
    <subfield code="1">0</subfield>
    <subfield code="2">ddc</subfield>
    <subfield code="4">0</subfield>
    <subfield code="7">0</subfield>
    <subfield code="a">01</subfield>
    <subfield code="b">01</subfield>
    <subfield code="d">2017-05-31</subfield>
    <subfield code="p">01-B-64954</subfield>
    <subfield code="r">2017-05-31</subfield>
    <subfield code="u">MARKETING MANAGEMENT</subfield>
    <subfield code="w">2017-05-31</subfield>
    <subfield code="y">02</subfield>
  </datafield>
  <datafield tag="952" ind1=" " ind2=" ">
    <subfield code="0">0</subfield>
    <subfield code="1">0</subfield>
    <subfield code="2">ddc</subfield>
    <subfield code="4">0</subfield>
    <subfield code="7">0</subfield>
    <subfield code="a">01</subfield>
    <subfield code="b">01</subfield>
    <subfield code="d">2017-05-31</subfield>
    <subfield code="p">01-B-64955</subfield>
    <subfield code="r">2017-05-31</subfield>
    <subfield code="u">MARKETING MANAGEMENT</subfield>
    <subfield code="w">2017-05-31</subfield>
    <subfield code="y">02</subfield>
  </datafield>
  <datafield tag="952" ind1=" " ind2=" ">
    <subfield code="0">0</subfield>
    <subfield code="1">0</subfield>
    <subfield code="2">ddc</subfield>
    <subfield code="4">0</subfield>
    <subfield code="7">0</subfield>
    <subfield code="a">01</subfield>
    <subfield code="b">01</subfield>
    <subfield code="d">2017-05-31</subfield>
    <subfield code="p">01-B-64956</subfield>
    <subfield code="r">2017-05-31</subfield>
    <subfield code="u">MARKETING MANAGEMENT</subfield>
    <subfield code="w">2017-05-31</subfield>
    <subfield code="y">02</subfield>
  </datafield>
  <datafield tag="952" ind1=" " ind2=" ">
    <subfield code="0">0</subfield>
    <subfield code="1">0</subfield>
    <subfield code="2">ddc</subfield>
    <subfield code="4">0</subfield>
    <subfield code="7">0</subfield>
    <subfield code="a">01</subfield>
    <subfield code="b">01</subfield>
    <subfield code="d">2017-05-31</subfield>
    <subfield code="p">01-B-64957</subfield>
    <subfield code="r">2017-05-31</subfield>
    <subfield code="u">MARKETING MANAGEMENT</subfield>
    <subfield code="w">2017-05-31</subfield>
    <subfield code="y">02</subfield>
  </datafield>
  <datafield tag="952" ind1=" " ind2=" ">
    <subfield code="0">0</subfield>
    <subfield code="1">0</subfield>
    <subfield code="2">ddc</subfield>
    <subfield code="4">0</subfield>
    <subfield code="7">0</subfield>
    <subfield code="a">01</subfield>
    <subfield code="b">01</subfield>
    <subfield code="d">2017-05-31</subfield>
    <subfield code="p">01-B-64958</subfield>
    <subfield code="r">2017-05-31</subfield>
    <subfield code="u">MARKETING MANAGEMENT</subfield>
    <subfield code="w">2017-05-31</subfield>
    <subfield code="y">02</subfield>
  </datafield>
  <datafield tag="952" ind1=" " ind2=" ">
    <subfield code="0">0</subfield>
    <subfield code="1">0</subfield>
    <subfield code="2">ddc</subfield>
    <subfield code="4">0</subfield>
    <subfield code="7">0</subfield>
    <subfield code="a">01</subfield>
    <subfield code="b">01</subfield>
    <subfield code="d">2017-05-31</subfield>
    <subfield code="p">01-B-64959</subfield>
    <subfield code="r">2017-05-31</subfield>
    <subfield code="u">MARKETING MANAGEMENT</subfield>
    <subfield code="w">2017-05-31</subfield>
    <subfield code="y">02</subfield>
  </datafield>
  <datafield tag="952" ind1=" " ind2=" ">
    <subfield code="0">0</subfield>
    <subfield code="1">0</subfield>
    <subfield code="2">ddc</subfield>
    <subfield code="4">0</subfield>
    <subfield code="7">0</subfield>
    <subfield code="a">01</subfield>
    <subfield code="b">01</subfield>
    <subfield code="d">2017-05-31</subfield>
    <subfield code="p">01-B-64960</subfield>
    <subfield code="r">2017-05-31</subfield>
    <subfield code="u">MARKETING MANAGEMENT</subfield>
    <subfield code="w">2017-05-31</subfield>
    <subfield code="y">02</subfield>
  </datafield>
  <datafield tag="952" ind1=" " ind2=" ">
    <subfield code="0">0</subfield>
    <subfield code="1">0</subfield>
    <subfield code="2">ddc</subfield>
    <subfield code="4">0</subfield>
    <subfield code="7">0</subfield>
    <subfield code="a">01</subfield>
    <subfield code="b">01</subfield>
    <subfield code="d">2017-05-31</subfield>
    <subfield code="p">01-B-64961</subfield>
    <subfield code="r">2017-09-11</subfield>
    <subfield code="u">MARKETING MANAGEMENT</subfield>
    <subfield code="w">2017-05-31</subfield>
    <subfield code="y">02</subfield>
  </datafield>
  <datafield tag="952" ind1=" " ind2=" ">
    <subfield code="0">0</subfield>
    <subfield code="1">0</subfield>
    <subfield code="2">ddc</subfield>
    <subfield code="4">0</subfield>
    <subfield code="7">0</subfield>
    <subfield code="a">01</subfield>
    <subfield code="b">01</subfield>
    <subfield code="d">2017-05-31</subfield>
    <subfield code="p">01-B-64962</subfield>
    <subfield code="r">2017-05-31</subfield>
    <subfield code="u">MARKETING MANAGEMENT</subfield>
    <subfield code="w">2017-05-31</subfield>
    <subfield code="y">02</subfield>
  </datafield>
  <datafield tag="952" ind1=" " ind2=" ">
    <subfield code="0">0</subfield>
    <subfield code="1">0</subfield>
    <subfield code="2">ddc</subfield>
    <subfield code="4">0</subfield>
    <subfield code="7">0</subfield>
    <subfield code="a">01</subfield>
    <subfield code="b">01</subfield>
    <subfield code="d">2017-05-31</subfield>
    <subfield code="p">01-B-64963</subfield>
    <subfield code="r">2017-05-31</subfield>
    <subfield code="u">MARKETING MANAGEMENT</subfield>
    <subfield code="w">2017-05-31</subfield>
    <subfield code="y">02</subfield>
  </datafield>
  <datafield tag="952" ind1=" " ind2=" ">
    <subfield code="0">0</subfield>
    <subfield code="1">0</subfield>
    <subfield code="2">ddc</subfield>
    <subfield code="4">0</subfield>
    <subfield code="7">0</subfield>
    <subfield code="a">01</subfield>
    <subfield code="b">01</subfield>
    <subfield code="d">2017-05-31</subfield>
    <subfield code="p">01-B-64964</subfield>
    <subfield code="r">2017-05-31</subfield>
    <subfield code="u">MARKETING MANAGEMENT</subfield>
    <subfield code="w">2017-05-31</subfield>
    <subfield code="y">02</subfield>
  </datafield>
  <datafield tag="952" ind1=" " ind2=" ">
    <subfield code="0">0</subfield>
    <subfield code="1">0</subfield>
    <subfield code="2">ddc</subfield>
    <subfield code="4">0</subfield>
    <subfield code="7">0</subfield>
    <subfield code="a">01</subfield>
    <subfield code="b">01</subfield>
    <subfield code="d">2017-05-31</subfield>
    <subfield code="p">01-B-64965</subfield>
    <subfield code="r">2017-05-31</subfield>
    <subfield code="u">MARKETING MANAGEMENT</subfield>
    <subfield code="w">2017-05-31</subfield>
    <subfield code="y">02</subfield>
  </datafield>
  <datafield tag="952" ind1=" " ind2=" ">
    <subfield code="0">0</subfield>
    <subfield code="1">0</subfield>
    <subfield code="2">ddc</subfield>
    <subfield code="4">0</subfield>
    <subfield code="7">0</subfield>
    <subfield code="a">01</subfield>
    <subfield code="b">01</subfield>
    <subfield code="d">2017-05-31</subfield>
    <subfield code="p">01-B-64966</subfield>
    <subfield code="r">2017-05-31</subfield>
    <subfield code="u">MARKETING MANAGEMENT</subfield>
    <subfield code="w">2017-05-31</subfield>
    <subfield code="y">02</subfield>
  </datafield>
  <datafield tag="952" ind1=" " ind2=" ">
    <subfield code="0">0</subfield>
    <subfield code="1">0</subfield>
    <subfield code="2">ddc</subfield>
    <subfield code="4">0</subfield>
    <subfield code="7">0</subfield>
    <subfield code="a">01</subfield>
    <subfield code="b">01</subfield>
    <subfield code="d">2017-05-31</subfield>
    <subfield code="p">01-B-64967</subfield>
    <subfield code="r">2017-05-31</subfield>
    <subfield code="u">MARKETING MANAGEMENT</subfield>
    <subfield code="w">2017-05-31</subfield>
    <subfield code="y">02</subfield>
  </datafield>
  <datafield tag="952" ind1=" " ind2=" ">
    <subfield code="0">0</subfield>
    <subfield code="1">0</subfield>
    <subfield code="2">ddc</subfield>
    <subfield code="4">0</subfield>
    <subfield code="7">0</subfield>
    <subfield code="a">01</subfield>
    <subfield code="b">01</subfield>
    <subfield code="d">2017-05-31</subfield>
    <subfield code="p">01-B-64968</subfield>
    <subfield code="r">2017-05-31</subfield>
    <subfield code="u">MARKETING MANAGEMENT</subfield>
    <subfield code="w">2017-05-31</subfield>
    <subfield code="y">02</subfield>
  </datafield>
  <datafield tag="952" ind1=" " ind2=" ">
    <subfield code="0">0</subfield>
    <subfield code="1">0</subfield>
    <subfield code="2">ddc</subfield>
    <subfield code="4">0</subfield>
    <subfield code="7">0</subfield>
    <subfield code="a">01</subfield>
    <subfield code="b">01</subfield>
    <subfield code="d">2017-05-31</subfield>
    <subfield code="p">01-B-64969</subfield>
    <subfield code="r">2017-05-31</subfield>
    <subfield code="u">MARKETING MANAGEMENT</subfield>
    <subfield code="w">2017-05-31</subfield>
    <subfield code="y">02</subfield>
  </datafield>
  <datafield tag="952" ind1=" " ind2=" ">
    <subfield code="0">0</subfield>
    <subfield code="1">0</subfield>
    <subfield code="2">ddc</subfield>
    <subfield code="4">0</subfield>
    <subfield code="7">0</subfield>
    <subfield code="a">01</subfield>
    <subfield code="b">01</subfield>
    <subfield code="d">2017-05-31</subfield>
    <subfield code="p">01-B-64970</subfield>
    <subfield code="r">2017-05-31</subfield>
    <subfield code="u">MARKETING MANAGEMENT</subfield>
    <subfield code="w">2017-05-31</subfield>
    <subfield code="y">02</subfield>
  </datafield>
  <datafield tag="952" ind1=" " ind2=" ">
    <subfield code="0">0</subfield>
    <subfield code="1">0</subfield>
    <subfield code="2">ddc</subfield>
    <subfield code="4">0</subfield>
    <subfield code="7">0</subfield>
    <subfield code="a">01</subfield>
    <subfield code="b">01</subfield>
    <subfield code="d">2017-05-31</subfield>
    <subfield code="p">01-B-64971</subfield>
    <subfield code="r">2017-05-31</subfield>
    <subfield code="u">MARKETING MANAGEMENT</subfield>
    <subfield code="w">2017-05-31</subfield>
    <subfield code="y">02</subfield>
  </datafield>
  <datafield tag="952" ind1=" " ind2=" ">
    <subfield code="0">0</subfield>
    <subfield code="1">0</subfield>
    <subfield code="2">ddc</subfield>
    <subfield code="4">0</subfield>
    <subfield code="7">0</subfield>
    <subfield code="a">01</subfield>
    <subfield code="b">01</subfield>
    <subfield code="d">2017-05-31</subfield>
    <subfield code="p">01-B-64972</subfield>
    <subfield code="r">2017-05-31</subfield>
    <subfield code="u">MARKETING MANAGEMENT</subfield>
    <subfield code="w">2017-05-31</subfield>
    <subfield code="y">02</subfield>
  </datafield>
  <datafield tag="952" ind1=" " ind2=" ">
    <subfield code="0">0</subfield>
    <subfield code="1">0</subfield>
    <subfield code="2">ddc</subfield>
    <subfield code="4">0</subfield>
    <subfield code="7">0</subfield>
    <subfield code="a">01</subfield>
    <subfield code="b">01</subfield>
    <subfield code="d">2017-05-31</subfield>
    <subfield code="p">01-B-64973</subfield>
    <subfield code="r">2017-05-31</subfield>
    <subfield code="u">MARKETING MANAGEMENT</subfield>
    <subfield code="w">2017-05-31</subfield>
    <subfield code="y">02</subfield>
  </datafield>
  <datafield tag="952" ind1=" " ind2=" ">
    <subfield code="0">0</subfield>
    <subfield code="1">0</subfield>
    <subfield code="2">ddc</subfield>
    <subfield code="4">0</subfield>
    <subfield code="7">0</subfield>
    <subfield code="a">01</subfield>
    <subfield code="b">01</subfield>
    <subfield code="d">2017-05-31</subfield>
    <subfield code="p">01-B-64974</subfield>
    <subfield code="r">2017-05-31</subfield>
    <subfield code="u">MARKETING MANAGEMENT</subfield>
    <subfield code="w">2017-05-31</subfield>
    <subfield code="y">02</subfield>
  </datafield>
  <datafield tag="952" ind1=" " ind2=" ">
    <subfield code="0">0</subfield>
    <subfield code="1">0</subfield>
    <subfield code="2">ddc</subfield>
    <subfield code="4">0</subfield>
    <subfield code="7">0</subfield>
    <subfield code="a">01</subfield>
    <subfield code="b">01</subfield>
    <subfield code="d">2017-05-31</subfield>
    <subfield code="p">01-B-64975</subfield>
    <subfield code="r">2017-05-31</subfield>
    <subfield code="u">MARKETING MANAGEMENT</subfield>
    <subfield code="w">2017-05-31</subfield>
    <subfield code="y">02</subfield>
  </datafield>
  <datafield tag="952" ind1=" " ind2=" ">
    <subfield code="0">0</subfield>
    <subfield code="1">0</subfield>
    <subfield code="2">ddc</subfield>
    <subfield code="4">0</subfield>
    <subfield code="7">0</subfield>
    <subfield code="a">01</subfield>
    <subfield code="b">01</subfield>
    <subfield code="d">2017-05-31</subfield>
    <subfield code="p">01-B-64976</subfield>
    <subfield code="r">2017-05-31</subfield>
    <subfield code="u">MARKETING MANAGEMENT</subfield>
    <subfield code="w">2017-05-31</subfield>
    <subfield code="y">02</subfield>
  </datafield>
  <datafield tag="952" ind1=" " ind2=" ">
    <subfield code="0">0</subfield>
    <subfield code="1">0</subfield>
    <subfield code="2">ddc</subfield>
    <subfield code="4">0</subfield>
    <subfield code="7">0</subfield>
    <subfield code="a">01</subfield>
    <subfield code="b">01</subfield>
    <subfield code="d">2017-05-31</subfield>
    <subfield code="p">01-B-64977</subfield>
    <subfield code="r">2017-05-31</subfield>
    <subfield code="u">MARKETING MANAGEMENT</subfield>
    <subfield code="w">2017-05-31</subfield>
    <subfield code="y">02</subfield>
  </datafield>
  <datafield tag="952" ind1=" " ind2=" ">
    <subfield code="0">0</subfield>
    <subfield code="1">0</subfield>
    <subfield code="2">ddc</subfield>
    <subfield code="4">0</subfield>
    <subfield code="7">0</subfield>
    <subfield code="a">01</subfield>
    <subfield code="b">01</subfield>
    <subfield code="d">2017-05-31</subfield>
    <subfield code="p">01-B-64978</subfield>
    <subfield code="r">2017-05-31</subfield>
    <subfield code="u">MARKETING MANAGEMENT</subfield>
    <subfield code="w">2017-05-31</subfield>
    <subfield code="y">02</subfield>
  </datafield>
  <datafield tag="952" ind1=" " ind2=" ">
    <subfield code="0">0</subfield>
    <subfield code="1">0</subfield>
    <subfield code="2">ddc</subfield>
    <subfield code="4">0</subfield>
    <subfield code="7">0</subfield>
    <subfield code="a">01</subfield>
    <subfield code="b">01</subfield>
    <subfield code="d">2017-05-31</subfield>
    <subfield code="p">01-B-64979</subfield>
    <subfield code="r">2017-05-31</subfield>
    <subfield code="u">MARKETING MANAGEMENT</subfield>
    <subfield code="w">2017-05-31</subfield>
    <subfield code="y">02</subfield>
  </datafield>
  <datafield tag="952" ind1=" " ind2=" ">
    <subfield code="0">0</subfield>
    <subfield code="1">0</subfield>
    <subfield code="2">ddc</subfield>
    <subfield code="4">0</subfield>
    <subfield code="7">0</subfield>
    <subfield code="a">01</subfield>
    <subfield code="b">01</subfield>
    <subfield code="d">2017-05-31</subfield>
    <subfield code="p">01-B-64980</subfield>
    <subfield code="r">2017-05-31</subfield>
    <subfield code="u">MARKETING MANAGEMENT</subfield>
    <subfield code="w">2017-05-31</subfield>
    <subfield code="y">02</subfield>
  </datafield>
  <datafield tag="952" ind1=" " ind2=" ">
    <subfield code="0">0</subfield>
    <subfield code="1">0</subfield>
    <subfield code="2">ddc</subfield>
    <subfield code="4">0</subfield>
    <subfield code="7">0</subfield>
    <subfield code="a">01</subfield>
    <subfield code="b">01</subfield>
    <subfield code="d">2017-05-31</subfield>
    <subfield code="p">01-B-64981</subfield>
    <subfield code="r">2017-05-31</subfield>
    <subfield code="u">MARKETING MANAGEMENT</subfield>
    <subfield code="w">2017-05-31</subfield>
    <subfield code="y">02</subfield>
  </datafield>
  <datafield tag="952" ind1=" " ind2=" ">
    <subfield code="0">0</subfield>
    <subfield code="1">0</subfield>
    <subfield code="2">ddc</subfield>
    <subfield code="4">0</subfield>
    <subfield code="7">0</subfield>
    <subfield code="a">01</subfield>
    <subfield code="b">01</subfield>
    <subfield code="d">2017-05-31</subfield>
    <subfield code="p">01-B-64982</subfield>
    <subfield code="r">2017-05-31</subfield>
    <subfield code="u">MARKETING MANAGEMENT</subfield>
    <subfield code="w">2017-05-31</subfield>
    <subfield code="y">02</subfield>
  </datafield>
  <datafield tag="952" ind1=" " ind2=" ">
    <subfield code="0">0</subfield>
    <subfield code="1">0</subfield>
    <subfield code="2">ddc</subfield>
    <subfield code="4">0</subfield>
    <subfield code="7">0</subfield>
    <subfield code="a">01</subfield>
    <subfield code="b">01</subfield>
    <subfield code="d">2017-05-31</subfield>
    <subfield code="p">01-B-64983</subfield>
    <subfield code="r">2017-05-31</subfield>
    <subfield code="u">MARKETING MANAGEMENT</subfield>
    <subfield code="w">2017-05-31</subfield>
    <subfield code="y">02</subfield>
  </datafield>
  <datafield tag="952" ind1=" " ind2=" ">
    <subfield code="0">0</subfield>
    <subfield code="1">0</subfield>
    <subfield code="2">ddc</subfield>
    <subfield code="4">0</subfield>
    <subfield code="7">0</subfield>
    <subfield code="a">01</subfield>
    <subfield code="b">01</subfield>
    <subfield code="d">2017-05-31</subfield>
    <subfield code="p">01-B-64984</subfield>
    <subfield code="r">2017-05-31</subfield>
    <subfield code="u">MARKETING MANAGEMENT</subfield>
    <subfield code="w">2017-05-31</subfield>
    <subfield code="y">02</subfield>
  </datafield>
  <datafield tag="952" ind1=" " ind2=" ">
    <subfield code="0">0</subfield>
    <subfield code="1">0</subfield>
    <subfield code="2">ddc</subfield>
    <subfield code="4">0</subfield>
    <subfield code="7">0</subfield>
    <subfield code="a">01</subfield>
    <subfield code="b">01</subfield>
    <subfield code="d">2017-05-31</subfield>
    <subfield code="p">01-B-64985</subfield>
    <subfield code="r">2017-05-31</subfield>
    <subfield code="u">MARKETING MANAGEMENT</subfield>
    <subfield code="w">2017-05-31</subfield>
    <subfield code="y">02</subfield>
  </datafield>
  <datafield tag="952" ind1=" " ind2=" ">
    <subfield code="0">0</subfield>
    <subfield code="1">0</subfield>
    <subfield code="2">ddc</subfield>
    <subfield code="4">0</subfield>
    <subfield code="7">0</subfield>
    <subfield code="a">01</subfield>
    <subfield code="b">01</subfield>
    <subfield code="d">2017-05-31</subfield>
    <subfield code="p">01-B-64986</subfield>
    <subfield code="r">2017-05-31</subfield>
    <subfield code="u">MARKETING MANAGEMENT</subfield>
    <subfield code="w">2017-05-31</subfield>
    <subfield code="y">02</subfield>
  </datafield>
  <datafield tag="952" ind1=" " ind2=" ">
    <subfield code="0">0</subfield>
    <subfield code="1">0</subfield>
    <subfield code="2">ddc</subfield>
    <subfield code="4">0</subfield>
    <subfield code="7">0</subfield>
    <subfield code="a">01</subfield>
    <subfield code="b">01</subfield>
    <subfield code="d">2017-05-31</subfield>
    <subfield code="p">01-B-64987</subfield>
    <subfield code="r">2017-05-31</subfield>
    <subfield code="u">MARKETING MANAGEMENT</subfield>
    <subfield code="w">2017-05-31</subfield>
    <subfield code="y">02</subfield>
  </datafield>
  <datafield tag="952" ind1=" " ind2=" ">
    <subfield code="0">0</subfield>
    <subfield code="1">0</subfield>
    <subfield code="2">ddc</subfield>
    <subfield code="4">0</subfield>
    <subfield code="7">0</subfield>
    <subfield code="a">01</subfield>
    <subfield code="b">01</subfield>
    <subfield code="d">2017-05-31</subfield>
    <subfield code="p">01-B-64988</subfield>
    <subfield code="r">2017-05-31</subfield>
    <subfield code="u">MARKETING MANAGEMENT</subfield>
    <subfield code="w">2017-05-31</subfield>
    <subfield code="y">02</subfield>
  </datafield>
  <datafield tag="952" ind1=" " ind2=" ">
    <subfield code="0">0</subfield>
    <subfield code="1">0</subfield>
    <subfield code="2">ddc</subfield>
    <subfield code="4">0</subfield>
    <subfield code="7">0</subfield>
    <subfield code="a">01</subfield>
    <subfield code="b">01</subfield>
    <subfield code="d">2017-05-31</subfield>
    <subfield code="p">01-B-64989</subfield>
    <subfield code="r">2017-05-31</subfield>
    <subfield code="u">MARKETING MANAGEMENT</subfield>
    <subfield code="w">2017-05-31</subfield>
    <subfield code="y">02</subfield>
  </datafield>
  <datafield tag="952" ind1=" " ind2=" ">
    <subfield code="0">0</subfield>
    <subfield code="1">0</subfield>
    <subfield code="2">ddc</subfield>
    <subfield code="4">0</subfield>
    <subfield code="7">0</subfield>
    <subfield code="a">01</subfield>
    <subfield code="b">01</subfield>
    <subfield code="d">2017-05-31</subfield>
    <subfield code="p">01-B-64990</subfield>
    <subfield code="r">2017-05-31</subfield>
    <subfield code="u">MARKETING MANAGEMENT</subfield>
    <subfield code="w">2017-05-31</subfield>
    <subfield code="y">02</subfield>
  </datafield>
  <datafield tag="952" ind1=" " ind2=" ">
    <subfield code="0">0</subfield>
    <subfield code="1">0</subfield>
    <subfield code="2">ddc</subfield>
    <subfield code="4">0</subfield>
    <subfield code="7">0</subfield>
    <subfield code="a">01</subfield>
    <subfield code="b">01</subfield>
    <subfield code="d">2017-05-31</subfield>
    <subfield code="p">01-B-64991</subfield>
    <subfield code="r">2017-05-31</subfield>
    <subfield code="u">MARKETING MANAGEMENT</subfield>
    <subfield code="w">2017-05-31</subfield>
    <subfield code="y">02</subfield>
  </datafield>
  <datafield tag="952" ind1=" " ind2=" ">
    <subfield code="0">0</subfield>
    <subfield code="1">0</subfield>
    <subfield code="2">ddc</subfield>
    <subfield code="4">0</subfield>
    <subfield code="7">0</subfield>
    <subfield code="a">01</subfield>
    <subfield code="b">01</subfield>
    <subfield code="d">2017-05-31</subfield>
    <subfield code="p">01-B-64992</subfield>
    <subfield code="r">2017-05-31</subfield>
    <subfield code="u">MARKETING MANAGEMENT</subfield>
    <subfield code="w">2017-05-31</subfield>
    <subfield code="y">02</subfield>
  </datafield>
  <datafield tag="952" ind1=" " ind2=" ">
    <subfield code="0">0</subfield>
    <subfield code="1">0</subfield>
    <subfield code="2">ddc</subfield>
    <subfield code="4">0</subfield>
    <subfield code="7">0</subfield>
    <subfield code="a">01</subfield>
    <subfield code="b">01</subfield>
    <subfield code="d">2017-05-31</subfield>
    <subfield code="p">01-B-64993</subfield>
    <subfield code="r">2017-05-31</subfield>
    <subfield code="u">MARKETING MANAGEMENT</subfield>
    <subfield code="w">2017-05-31</subfield>
    <subfield code="y">02</subfield>
  </datafield>
  <datafield tag="952" ind1=" " ind2=" ">
    <subfield code="0">0</subfield>
    <subfield code="1">0</subfield>
    <subfield code="2">ddc</subfield>
    <subfield code="4">0</subfield>
    <subfield code="7">0</subfield>
    <subfield code="a">01</subfield>
    <subfield code="b">01</subfield>
    <subfield code="d">2017-05-31</subfield>
    <subfield code="o">R</subfield>
    <subfield code="p">01-B-64994</subfield>
    <subfield code="r">2017-05-31</subfield>
    <subfield code="u">MARKETING MANAGEMENT</subfield>
    <subfield code="w">2017-05-31</subfield>
    <subfield code="y">06</subfield>
  </datafield>
  <datafield tag="952" ind1=" " ind2=" ">
    <subfield code="0">0</subfield>
    <subfield code="1">0</subfield>
    <subfield code="2">ddc</subfield>
    <subfield code="4">0</subfield>
    <subfield code="7">0</subfield>
    <subfield code="a">01</subfield>
    <subfield code="b">01</subfield>
    <subfield code="d">2017-05-31</subfield>
    <subfield code="p">01-B-64995</subfield>
    <subfield code="r">2017-05-31</subfield>
    <subfield code="u">MARKETING MANAGEMENT</subfield>
    <subfield code="w">2017-05-31</subfield>
    <subfield code="y">02</subfield>
  </datafield>
</record>
